Leaders (Record no. 9930)
[ view plain ]
| 000 -LEADER | |
|---|---|
| fixed length control field | 00422 a2200145 4500 |
| 020 ## - INTERNATIONAL STANDARD BOOK NUMBER | |
| International Standard Book Number | 028989041 |
| 090 ## - LOCALLY ASSIGNED LC-TYPE CALL NUMBER (OCLC); LOCAL CALL NUMBER (RLIN) | |
| -- | 6096 |
| -- | 6096 |
| 100 ## - MAIN ENTRY--PERSONAL NAME | |
| Personal name | Nixon, Richard |
| 245 ## - TITLE STATEMENT | |
| Title | Leaders |
| Statement of responsibility, etc. | Richard Nixon |
| 260 ## - PUBLICATION, DISTRIBUTION, ETC. | |
| Place of publication, distribution, etc. | London: |
| Name of publisher, distributor, etc. | Sidgwick & Jackson Ltd., |
| Date of publication, distribution, etc. | 1982. |
| 300 ## - PHYSICAL DESCRIPTION | |
| Extent | 371 p. ; |
| Dimensions | 24 cm. |
| 500 ## - GENERAL NOTE | |
| General note | Includes index |
| 650 ## - SUBJECT ADDED ENTRY--TOPICAL TERM | |
| Topical term or geographic name entry element | 1.Nixon, Richard. 2.World politics--20th century. 3.Statesman--Biography. |
| 942 ## - ADDED ENTRY ELEMENTS (KOHA) | |
| Koha item type | Book |
| Call number prefix | 909.820922 NIX |
| Withdrawn status | Lost status | Damaged status | Not for loan | Collection code | Permanent Location | Current Location | Shelving location | Date acquired | Source of acquisition | Cost, normal purchase price | Total Checkouts | Total Renewals | Full call number | Barcode | Checked out | Date last seen | Date last checked out | Price effective from | Koha item type | Source of classification or shelving scheme | Materials specified (bound volume or other part) |
|---|---|---|---|---|---|---|---|---|---|---|---|---|---|---|---|---|---|---|---|---|---|
| Central Library (CL) | Central Library (CL) | General Stacks | 03/31/2003 | Progressive International Agencies | 225.00 | 6 | 6 | 909.820922 NIX | SEECS003308 | 05/17/2026 | 12/10/2025 | 12/10/2025 | 01/05/2017 | Book | |||||||
| Central Library (CL) | Central Library (CL) | 11/05/2023 | Donation | 3 | 2 | 909.820922 NIX | CL-D-2521 | 11/15/2025 | 10/16/2025 | 10/16/2025 | 11/05/2023 | Book | Donation |
